Industries chimiques de base
Bewaard in:
| Coauteur: | |
|---|---|
| Formaat: | Boek |
| Taal: | Undetermined |
| Gepubliceerd in: |
Paris
Documentation Francaise
1971
|
| Onderwerpen: | |
| Tags: |
Voeg label toe
Geen labels, Wees de eerste die dit record labelt!
|
| Thư viện lưu trữ: | Trung tâm Học liệu Trường Đại học Cần Thơ |
|---|
| LEADER | 00508nam a2200181Ia 4500 | ||
|---|---|---|---|
| 001 | CTU_82989 | ||
| 008 | 210402s9999 xx 000 0 und d | ||
| 082 | |a 540 | ||
| 082 | |b C734 | ||
| 110 | |a Commissariat General du Plan | ||
| 245 | 0 | |a Industries chimiques de base | |
| 245 | 0 | |c Commissariat General du Plan | |
| 260 | |a Paris | ||
| 260 | |b Documentation Francaise | ||
| 260 | |c 1971 | ||
| 650 | |a Chemical industry | ||
| 904 | |i QHieu(sửa) | ||
| 980 | |a Trung tâm Học liệu Trường Đại học Cần Thơ | ||